Länder, die an Deutschlands Nachbarländer grenzen - Statistiken

Allgemein
  • Dieses Quiz wurde 603 mal gespielt
  • Das Durchschnittsergebnis liegt bei 16 aus 20
Antwortstatistiken
Antwort % Korrekt
Italien
93%
Slowakei
93%
Spanien
92%
Slowenien
91%
Ungarn
90%
Liechtenstein
88%
Andorra
86%
Litauen
82%
Russland
82%
Ukraine
80%
Weissrussland
80%
Tschechische Republik
76%
Belgien
75%
Polen
75%
Österreich
74%
Schweiz
74%
Frankreich
73%
Luxemburg
73%
Monaco
73%
Niederlande
73%
Keine übereinstimmenden Quizze gefunden
Verteilung der Resultate
Anzahl Personen mit jedem Resultat
Perzentil nach korrekt beantworteten Fragen
Ihre Resultats-Entwicklung
Sie haben dieses Quiz noch nicht gespielt